000 00759nam a2200241Ia 4500
003 OSt
005 20220930195944.0
006 a|||||r|||| 00| 0
007 ta
008 220926b |||||||| |||| 00| 0 eng d
024 _a19720
037 _cDissertations
040 _aCRL
_cCRL
_beng
041 _2eng
_aeng
100 _aSaraf Veena
_9419858
110 _aUniversity of Delhi. Faculty of Arts. Department of Library and Information Science
_9519370
245 0 _aGlobal information systems and programmes
_b A study
260 _c1983
650 _aLIBRARY SCIENCE
700 _aUniversity of Delhi. Faculty of Arts. Department of Library and Information Science
_9519372
942 _cDIS
_2CC
999 _c899916
_d899916